Gaming Quiz

Random Gaming or Console Quiz

Turtles in Time: Level Select Quiz Stats

 Plays Quiz not verified by Sporcle

Score 0/10 Timer 02:00
3 Plays Today
% Correct
Neon Night-Riders
72.3%
Sewer Surfin'
69.7%
Skull and Crossbones
1530 A.D.
65.1%
Prehistoric Turtlesaurus
63%
Alleycat Blues
58.4%
Technodrome:
Let's Kick Shell!
58%
Starbase: Where No
Turtle Has Gone Before
57.6%
Big Apple, 3 AM
55.9%
Bury My Shell
At Wounded Knee
54.2%
Technodrome:
The Final Shell Shock
43.3%

You're not logged in!

Compare scores with friends on all Sporcle quizzes.
OR
Log In

Show Comments

Extras

Top Quizzes Today


Score Distribution

Your Account Isn't Verified!

In order to create a playlist on Sporcle, you need to verify the email address you used during registration. Go to your Sporcle Settings to finish the process.

Report this User

Report this user for behavior that violates our Community Guidelines.

Details: